000 01451nam0a2200277 i 4500
001 RU\NLR\bibl\1274647
005 20260406163758.0
035 _a(NLR Aleph) 001260479
090 _a375910
_c375910
100 _a20080918d1999 |||y0rusy50 ca
101 0 _arus
102 _aRU
105 _ay dm |||||
200 1 _aРассказы М. Зощенко 20-х годов
_eпроблемы жанра и стиля
_eавтореферат диссертации на соискание ученой степени к.филол.н.
_eспециальность 10.01.01
_fАулов Анатолий Михайлович
_g[Моск. пед. ун-т]
210 _aМ.
_cБ.и.
_d1999
215 _a22 с.
_d21
320 _aБиблиогр.: с. 21 (7 назв.)
686 _a10.01.01
_2oksvnk
700 1 _aАулов
_bА. М.
_gАнатолий Михайлович
_4070
702 1 _4570
_8rus
_7ca
_aЗощенко
_bМ. М.
_f1894-1958
_gМихаил Михайлович
_3RU\NLR\auth\7710334
_9120112
801 0 _aRU
_bNLR
_c20080918
_gRCR
801 1 _aRU
_bNLR
_c20080918
901 _eАвторефераты
942 _cBOOK
981 1 0 _a(10) Авторефераты
_b(10) 10.00.00 Филологические науки
_b10.01.00 Литературоведение
_b10.01.01 Русская литература